000 00295nam a22001337a 4500
008 170330b xxu||||| |||| 00| 0 eng d
020 _a9780395697528
041 _aeng
080 _22 ED
_a616-053.2
100 _a8
101 _aSHM
245 _aCHILD DEVELOPMENT
_cBUKATKO.D
942 _2udc
_cBK
999 _c9169
_d9169